01175nam a22003257a 4500003000500000005001700005008004100022010001000063011001000073035001100083040000900094082001300103100003200116245008600148260004500234300002000279500002800299505005400327590004100381590004100422590004100463590004200504650004200546700003000588901000700618942001000625949006800635999001700703952012900720CHAP20220329143445.0091022s1956 us a r 00010 eng d a96927 a97899 a108571 cCHAP04a353bM131 aMcCloskey, Joseph F.97339310aOperations research for managementc/ por Joseph F. McCloskey y John M. Coppinger aBaltimore :bJohns Hopkins Presss,c1956 a563 p. :bilus. aLa biblioteca tiene v.20 av.2 Case histories, methods, information handling aBATCH-UPDb10c20130110lUCH01h1153 aBATCH-UPDb10c20130410lUCH01h0736 aBATCH-UPDb10c20130914lUCH01h1048 aCONVERSIONb10c20130109lUCH01h135414aE.U.A.xPolítica y gobierno.9348451 aCoppinger, John M.927895 aBK cLIBRO a353 M13bBCcBPAd33724002109405eBPAgI.c/eh111170i108571sb c96927d96927 01104053708MDaBCbBCd2019-12-31eI.c/efLIBROi127l0o353 M13p33724002109405r2019-12-31 00:00:00w2019-12-31yLIBRO